[Event "Corr"]
[Site "?"]
[Date "1996.06.24"]
[Round "?"]
[White "Aqulnick Michael (USA)"]
[Black "Bridle Sam (USA)"]
[Result "1-0"]
[WhiteElo "2030"]
[BlackElo "2100"]
[PlyCount "60"]
[EventDate "1996.??.??"]
[Source "www.chesslib.no"]
[SourceDate "2004.05.04"]

1. e4 Nf6 2. e5 Nd5 3. d4 d6 4. Nf3 Bg4 5. h3 Bxf3 6. Qxf3 dxe5 7. dxe5 e6 8. Bc4 Nd7 9. Qe2 c6 10. O-O Qc7 11. Re1 Be7 12. Nd2 O-O-O 13. Nf3 h6 14. Bxd5 cxd5 15. Bd2 Kb8 16. Bc3 Rc8 17. Rac1 a6 18. Bd4 Qa5 19. a3 Rc6 20. Qe3 Ka8 21. Bc3 Qc7 22. Bd4 Nf8 23. c3 Ng6 24. b4 Rc4 25. Rb1 Qc6 26. g3 Qa4 27. Nd2 Rc6 28. b5 axb5 29. Qd3 Ra6 30. Rxb5 Ra5 1-0

[Event "Cseppko op"]
[Site "Cseppko"]
[Date "1997.??.??"]
[Round "4"]
[White "Merenyi, Gabor"]
[Black "Lutring, Aniko"]
[Result "1-0"]
[WhiteElo "2075"]
[BlackElo "2015"]
[PlyCount "105"]
[EventDate "1997.06.30"]
[Source "ChessBase"]
[SourceDate "1997.07.29"]

1. e4 Nf6 2. e5 Nd5 3. d4 d6 4. Nf3 Bg4 5. h3 Bxf3 6. Qxf3 dxe5 7. Bc4 e6 8. dxe5 Nc6 9. Bb5 Ndb4 10. Ba4 a6 11. O-O b5 12. Rd1 Qc8 13. Bb3 Be7 14. a3 Nd5 15. Bxd5 exd5 16. Qxd5 Qe6 17. Nc3 Rd8 18. Qxe6 Rxd1+ 19. Nxd1 fxe6 20. Bf4 Nd4 21. Kf1 c5 22. Rc1 Rf8 23. g3 Bd8 24. Be3 Bc7 25. c4 Nb3 26. Rc3 bxc4 27. Rxc4 Bxe5 28. Re4 Bd6 29. Ke2 Kd7 30. Kd3 e5 31. Ra4 Ra8 32. Nc3 Nd4 33. Ne4 Be7 34. f4 exf4 35. Bxd4 cxd4 36. Rxd4+ Kc6 37. gxf4 Rf8 38. Rc4+ Kb6 39. Nc3 Bd6 40. Nd5+ Kb7 41. Ke4 Re8+ 42. Kf3 Re1 43. Re4 Rd1 44. Ne3 Rd3 45. Kg4 Bc5 46. Nc4 Rd8 47. b4 Bf8 48. Na5+ Kb6 49. Rc4 Rd3 50. Rc8 Bd6 51. Rg8 Rd4 52. Rxg7 Bxf4 53. Rb7# 1-0

[Event "It (open)"]
[Site "Teplice (Czech Republic)"]
[Date "2007.06.17"]
[Round "3"]
[White "Skala J"]
[Black "Liska Jiri (CZE)"]
[Result "1-0"]
[WhiteElo "2049"]
[BlackElo "2018"]
[PlyCount "39"]
[EventDate "2007.??.??"]
[Source "www.chesslib.no"]
[SourceDate "2004.05.04"]

1. e4 Nf6 2. e5 Nd5 3. d4 d6 4. Nf3 Bg4 5. h3 Bh5 6. Qd3 Nc6 7. exd6 Qxd6 8. c3 e5 9. Nbd2 Bg6 10. Qb5 O-O-O 11. Nc4 Qe6 12. dxe5 a6 13. Qb3 Bc5 14. Be2 b5 15. Ncd2 Nxe5 16. O-O Rhe8 17. a4 Nxf3+ 18. Bxf3 Bd3 19. Rd1 Qf5 20. Bg4 1-0

[Event "Pologne (championnat clubs ligue 2)"]
[Site "?"]
[Date "2004.09.07"]
[Round "5.71"]
[White "Smola Michal"]
[Black "Badurowicz Leszek"]
[Result "1/2-1/2"]
[WhiteElo "1800"]
[BlackElo "2100"]
[PlyCount "35"]
[EventDate "2004.??.??"]
[Source "www.chesslib.no"]
[SourceDate "2004.05.04"]

1. e4 Nf6 2. e5 Nd5 3. d4 d6 4. Nf3 Bg4 5. h3 Bxf3 6. Qxf3 dxe5 7. dxe5 e6 8. Bd3 Nd7 9. Qg3 c6 10. O-O Qc7 11. Re1 Bc5 12. c3 O-O 13. b4 Nxb4 14. cxb4 Bd4 15. Bf4 Bxa1 16. Na3 Bc3 17. Re4 Nb6 18. Be2 1/2-1/2

[Event "Centrocoop Sept op-A"]
[Site "Eforie Nord"]
[Date "1998.??.??"]
[Round "?"]
[White "Kozma, Roland"]
[Black "Jiroveanu, George"]
[Result "0-1"]
[WhiteElo "1650"]
[BlackElo "2225"]
[PlyCount "118"]
[EventDate "1998.09.??"]
[Source "www.chesslib.no"]
[SourceDate "2004.05.04"]

1. e4 Nf6 2. e5 Nd5 3. d4 d6 4. Nf3 Bg4 5. h3 Bf5 6. exd6 exd6 7. c4 Nb6 8. Nc3 Be7 9. Bd3 Bg6 10. O-O O-O 11. Re1 Nc6 12. Bxg6 hxg6 13. b3 a6 14. d5 Bf6 15. Bb2 Ne5 16. Nxe5 Bxe5 17. Qc2 Re8 18. Ne4 Qh4 19. Bxe5 Rxe5 20. Re2 g5 21. Rae1 Rae8 22. Ng3 Nd7 23. Re4 Qh7 24. Rxe5 Nxe5 25. Qxh7+ Kxh7 26. Kf1 Kg6 27. f3 b6 28. Re3 Rh8 29. Ne2 Kf6 30. f4 gxf4 31. Nxf4 g5 32. Nd3 Nxd3 33. Rxd3 b5 34. Rf3+ Ke7 35. cxb5 axb5 36. Re3+ Kf6 37. g4 Ra8 38. Re2 b4 39. Kf2 Ra5 40. Rc2 Rc5 41. Rc4 Ke5 42. Rxb4 Rc2+ 43. Kf3 Rxa2 44. Re4+ Kxd5 45. Re7 c5 46. Rxf7 Ra3 47. Rf5+ Kd4 48. Rxg5 Rxb3+ 49. Kf4 Rxh3 50. Rh5 Ra3 51. g5 c4 52. g6 Ra8 53. Kf5 c3 54. Rh4+ Kd3 55. Rh3+ Kc4 56. Rh4+ Kb3 57. Rh3 Kb2 58. Ke6 c2 59. Rh2 Kb1 0-1

[Event "DDR Ch women"]
[Site "Frankfurt/Oder"]
[Date "1977.??.??"]
[Round "5"]
[White "Mueller, Martina"]
[Black "Braun, Regine"]
[Result "1-0"]
[WhiteElo "1925"]
[BlackElo "1805"]
[PlyCount "51"]
[EventDate "1977.02.12"]
[Source "www.chesslib.no"]
[SourceDate "2004.05.04"]

1. e4 Nf6 2. e5 Nd5 3. d4 d6 4. Nf3 Bg4 5. h3 Bh5 6. c4 Nb6 7. Be2 N8d7 8. e6 Nf6 9. Ng5 Bg6 10. Bd3 fxe6 11. Bxg6+ hxg6 12. Qd3 Rg8 13. Qxg6+ Kd7 14. O-O Qe8 15. Qd3 Rd8 16. Re1 Kc8 17. Nxe6 Rd7 18. Nc3 Rh8 19. a4 d5 20. c5 Nc4 21. c6 bxc6 22. b3 Nd6 23. Qa6+ Kb8 24. Qxc6 Nb7 25. Nb5 Qc8 26. Qa6 1-0

[Event "C1.2000.0.00300"]
[Site "?"]
[Date "2000.??.??"]
[Round "?"]
[White "Eansworth Kevin"]
[Black "Pavillar Paul Newneil"]
[Result "0-1"]
[WhiteElo "1870"]
[BlackElo "1805"]
[PlyCount "52"]
[EventDate "2000.??.??"]
[Source "www.chesslib.no"]
[SourceDate "2004.05.04"]

1. e4 Nf6 2. e5 Nd5 3. d4 d6 4. Nf3 Bg4 5. h3 Bxf3 6. Qxf3 dxe5 7. dxe5 e6 8. Nc3 Bb4 9. Bd2 Nd7 10. Qg3 Qe7 11. Rd1 O-O-O 12. Nb5 Bxd2+ 13. Rxd2 a6 14. Nd4 h5 15. Bxa6 bxa6 16. Nc6 Qc5 17. Nxd8 Rxd8 18. O-O f6 19. exf6 gxf6 20. Rfd1 f5 21. Re2 Qc4 22. Qf3 Rg8 23. Rxe6 Nf4 24. Re7 Nxg2 25. Kh1 Nh4 26. Qe2 Qc6+ 0-1

[Event "Corr"]
[Site "?"]
[Date "2002.02.04"]
[Round "?"]
[White "Kern Michael"]
[Black "Shubin Denis"]
[Result "1/2-1/2"]
[WhiteElo "1825"]
[BlackElo "1586"]
[PlyCount "75"]
[EventDate "2002.??.??"]
[Source "www.chesslib.no"]
[SourceDate "2004.05.04"]

1. e4 Nf6 2. e5 Nd5 3. d4 d6 4. Nf3 Bg4 5. h3 Bxf3 6. Qxf3 dxe5 7. dxe5 e6 8. Bf4 Nxf4 9. Qxf4 Bc5 10. Nd2 Qd4 11. Qxd4 Bxd4 12. Nc4 Nc6 13. f4 O-O-O 14. c3 Bc5 15. b4 Be7 16. g3 g5 17. b5 Nb8 18. fxg5 Bxg5 19. Be2 Nd7 20. O-O f5 21. exf6 Bxf6 22. Rf3 Bg7 23. Raf1 Nc5 24. Re3 Na4 25. Rxe6 Nxc3 26. Rf7 Bd4+ 27. Kg2 Rdf8 28. Bg4 Kb8 29. Rf5 Rxf5 30. Bxf5 h6 31. Bh7 Nxa2 32. Rxh6 Nc3 33. Rg6 c6 34. Rg8+ Rxg8 35. Bxg8 cxb5 36. Nd2 b4 37. h4 a5 38. Nb3 1/2-1/2

[Event "Corr"]
[Site "?"]
[Date "2003.05.14"]
[Round "?"]
[White "Tarzia Paolo"]
[Black "Joanis Marc-Andre"]
[Result "1-0"]
[WhiteElo "1572"]
[BlackElo "1474"]
[PlyCount "35"]
[EventDate "2003.??.??"]
[Source "www.chesslib.no"]
[SourceDate "2004.05.04"]

1. e4 Nf6 2. e5 Nd5 3. d4 d6 4. Nf3 Bg4 5. h3 Bxf3 6. Qxf3 dxe5 7. dxe5 e6 8. Bc4 Nd7 9. Qe2 N5b6 10. Bb3 Be7 11. Nc3 O-O 12. O-O c5 13. a3 Qc7 14. f4 Rfe8 15. Be3 Rad8 16. Nb5 Qb8 17. Rad1 Nf8 18. Qf2 1-0

[Event "Corr"]
[Site "?"]
[Date "2001.05.15"]
[Round "?"]
[White "Meyer Mike"]
[Black "Zrinski Scott"]
[Result "0-1"]
[WhiteElo "1275"]
[BlackElo "1606"]
[PlyCount "68"]
[EventDate "2001.??.??"]
[Source "www.chesslib.no"]
[SourceDate "2004.05.04"]

1. e4 Nf6 2. e5 Nd5 3. d4 d6 4. Nf3 Bg4 5. h3 Bh5 6. c4 Nb6 7. c5 dxc5 8. dxc5 Qxd1+ 9. Kxd1 Nd5 10. Be2 e6 11. Bd2 Bxc5 12. Rf1 Nc6 13. Nc3 O-O 14. g4 Bg6 15. Rc1 Ndb4 16. a3 Nd3 17. Bxd3 Bxd3 18. Ne2 Bb6 19. Bc3 f6 20. Ke1 Rad8 21. Rd1 Bxe2 22. Kxe2 Nxe5 23. Rxd8 Rxd8 24. Nxe5 fxe5 25. Bxe5 Rd5 26. Bc3 Bd4 27. Bxd4 Rxd4 28. Ke3 e5 29. f4 Rxf4 30. Rxf4 exf4+ 31. Kxf4 Kf8 32. Ke4 Ke7 33. Ke5 c6 34. a4 a5 0-1

[Event "Corr"]
[Site "?"]
[Date "2002.01.16"]
[Round "?"]
[White "Mori Roberto"]
[Black "McCarthy Michael"]
[Result "1-0"]
[WhiteElo "1284"]
[BlackElo "1287"]
[PlyCount "63"]
[EventDate "2002.??.??"]
[Source "www.chesslib.no"]
[SourceDate "2004.05.04"]

1. e4 Nf6 2. e5 Nd5 3. d4 d6 4. Nf3 Bg4 5. h3 Bxf3 6. Qxf3 dxe5 7. dxe5 e6 8. Nc3 Nc6 9. Bb5 Bb4 10. O-O O-O 11. Bxc6 bxc6 12. Qg3 Kh8 13. Ne4 h6 14. Rd1 Qc8 15. a3 Ba5 16. Qh4 f5 17. exf6 Nxf6 18. Bxh6 Nxe4 19. Be3+ Kg8 20. Qxe4 Qe8 21. c4 a6 22. c5 Qf7 23. Qxc6 Qf6 24. b4 Bxb4 25. axb4 Qf7 26. Rd7 Qe8 27. Qxc7 Rf7 28. Rad1 Rxd7 29. Rxd7 Rc8 30. Rxg7+ Kf8 31. Qg3 Qc6 32. Qg6 1-0

[Event "Corr"]
[Site "?"]
[Date "2001.11.28"]
[Round "?"]
[White "Sala Stefano"]
[Black "Lafargue Philippe"]
[Result "1-0"]
[WhiteElo "1472"]
[BlackElo "966"]
[PlyCount "57"]
[EventDate "2001.??.??"]
[Source "www.chesslib.no"]
[SourceDate "2004.05.04"]

1. e4 Nf6 2. e5 Nd5 3. d4 d6 4. Nf3 Bg4 5. h3 Bxf3 6. Qxf3 dxe5 7. dxe5 e6 8. Bc4 Nc6 9. Bb5 Bb4+ 10. c3 Be7 11. O-O O-O 12. Bxc6 bxc6 13. c4 Nb6 14. Qxc6 Qd7 15. Qxd7 Nxd7 16. f4 Bc5+ 17. Kh1 Bb6 18. Nc3 f6 19. exf6 gxf6 20. g4 e5 21. Nd5 Rae8 22. fxe5 fxe5 23. Bh6 Rxf1+ 24. Rxf1 e4 25. Rf5 e3 26. Rg5+ Kf7 27. Rg7+ Ke6 28. Bxe3 Bxe3 29. Nxc7+ 1-0